00838nam a22002537a 45000010005000000030006000050050017000110080041000280200018000690400029000870500015001160820011001311000018001422450084001602500009002442600039002533000045002925050007003375200155003445210019004995210018005186500015005366500033005515050FISKH20250828111202.0241104b cb ||||| |||| 00| 0 eng d a9780448450759 aFISKHbengcFISKHdFISKH aPZ7.A67468 a823.92 aArcher, Mandy aHello, we must be going /cBy Mandy Archer Based on the teleplay by Tom Ruegger a2008 aNew York :bGrosset&Dunlap,c2008. a24 pages :bcolor illustrations ;c21 cm aG  aOne of two storybooks following the first adventures of Alex and Zoe in the magical world of Animalia. Visit graemebase.com Visit Animalia on Facebook8 a380 bLexile 8 aG bRaz-Plus  2North Ward 2Based on a Television Series